| 000 | 008510000a22002170004500 | ||
|---|---|---|---|
| 020 | _a84-7953-250-5 | ||
| 041 | 0 | _aSPA | |
| 082 | 0 | 4 | _aG 153.42 O183i |
| 100 | 1 | _aOConnor, Joseph | |
| 245 | 1 | 0 | _aIntroducción al pensamiento sistémico : Recursos esenciales para la creatividad y la resolución de problemas / Joseph O'Connor, Ian McDermott ; Mar Guerrero, Traductor |
| 260 | _aBarcelona, España : Urano | ||
| 300 | _a302 Pag. | ||
| 500 | _aTítulo original : The art of systems thinking | ||
| 505 | 0 | 0 | _amás allá de lo obvio con el pensamiento -- los mapas mentales -- nuevas formas de pensar -- representación de conclusiones -- cerrar el círculo |
| 650 | 1 | 4 | _aPENSAMIENTO \ APRENDIZAJE |
| 001 | 1085 | ||
| 942 | _cBK | ||
| 999 |
_c32431 _d32431 |
||
| 336 |
_atexto _btxt _2rdacontent |
||
| 337 |
_2rdamedia _asin mediación _bn |
||
| 338 |
_2rdacarrier _avolumen _bnc |
||